Estudio de prefactibilidad del proyecto “diseño de una presa para abastecimiento de agua potable por bombeo eléctrico” en la comarca de Jiguina, departamento de Jinotega
La investigación presenta la elaboración de un estudio de prefactibilidad del proyecto “diseño de una presa para abastecimiento de agua potable por bombeo eléctrico” en la comarca de Jiguina, departamento de Jinotega, permitió establecer la importancia de invertir en este proyecto.
| Main Authors: | , , |
|---|---|
| Other Authors: | |
| Format: | Tesis Section = Libro |
| Language: | Undetermined Spanish |
| Published: |
Managua
UNI/RUACS
2020
|
| Subjects: |
| LEADER | 01323nam a2200289Ia 4500 | ||
|---|---|---|---|
| 008 | 240830s9999 xx 000 0 und d | ||
| 040 | |a BIBLIOTECA-RUPAP Mon 628.72 V181 | ||
| 041 | |a spa | ||
| 082 | |a Mon 628.72 V181 | ||
| 100 | 1 | |a Valle Díaz, Brayan Wiston | |
| 100 | 1 | |b García Otero,Xochilth Mariel | |
| 100 | 1 | |c Gaitán Sánchez,Wilmer Antonio | |
| 245 | 1 | 0 | |a Estudio de prefactibilidad del proyecto “diseño de una presa para abastecimiento de agua potable por bombeo eléctrico” en la comarca de Jiguina, departamento de Jinotega |
| 260 | |a Managua |b UNI/RUACS |c 2020 | ||
| 300 | |a 120 p. :il. | ||
| 500 | |a Contiene. anexos y CD. | ||
| 502 | |a Tesis (Ingeniero Civil)- UNI, 2020. | ||
| 520 | 3 | |a La investigación presenta la elaboración de un estudio de prefactibilidad del proyecto “diseño de una presa para abastecimiento de agua potable por bombeo eléctrico” en la comarca de Jiguina, departamento de Jinotega, permitió establecer la importancia de invertir en este proyecto. | |
| 650 | 7 | |a ABASTECIMIENTO DE AGUA POTABLE | |
| 650 | 7 | |b PRESA-DISEÑO Y CONSTRUCCION | |
| 650 | 7 | |c ESTUDIOS DE FACTIBILIDAD | |
| 650 | 7 | |d ESTUDIO DE MERCADO | |
| 650 | 7 | |e ESTUDIO FINANCIERO | |
| 700 | 1 | |a Tutor: |b Gonzales Murillo, Manuel de Jesús | |
| 942 | |c BK |2 ddc | ||
| 991 | |a TESIS | ||
| 999 | |c 16594 | ||